Ekonomika MSP vo svetle súčasných reforiem
Daňová reforma prináša úpravu výšky sadzby daní, resp. výšky sadzieb poistného - dopad na ekonomické prostredie MSP a na jeho celkové finančné zaťaženie. Ako sa tieto zmeny prejavujú v ekonomike malého podniku, živnostníka, osoby samostatne zárobkovo činnej.
Salvato in:
| Autore principale: | |
|---|---|
| Natura: | Capitolo di libro |
| Lingua: | slovacco |
| Soggetti: | |
| Tags: |
Nessun Tag, puoi essere il primo ad aggiungerne!!
|
MARC
| LEADER | 00000naa$a2200000$$$4500 | ||
|---|---|---|---|
| 001 | 0041430 | ||
| 005 | 20221128093321.2 | ||
| 041 | 0 | |a slo | |
| 044 | |a SK | ||
| 245 | 1 | 0 | |a Ekonomika MSP vo svetle súčasných reforiem |c Vladimír Sirotka |
| 520 | |a Daňová reforma prináša úpravu výšky sadzby daní, resp. výšky sadzieb poistného - dopad na ekonomické prostredie MSP a na jeho celkové finančné zaťaženie. Ako sa tieto zmeny prejavujú v ekonomike malého podniku, živnostníka, osoby samostatne zárobkovo činnej. | ||
| 610 | 2 | 0 | |a podnik malý |
| 610 | 2 | 0 | |a podnik stredný |
| 610 | 2 | 0 | |a živnostníci |
| 610 | 2 | 0 | |a reformy daňové |
| 610 | 2 | 0 | |a odvody |
| 610 | 2 | 0 | |a dane z hodnoty pridanej |
| 610 | 2 | 0 | |a dane z príjmov |
| 610 | 2 | 0 | |a zaťaženie daňové |
| 610 | 2 | 0 | |a hospodárenie finančné |
| 610 | 2 | 0 | |a hospodárenie podnikové |
| 100 | 1 | |a Sirotka, Vladimír | |